00540nam a2200145Ia 4500008004100000020002200041100002000063245007700083250001200160260003000172300002700202650002900229999001900258952011700277200922s9999 xx 000 0 und d a978-981-4846-96-7 aKail, Robert V. cRobert V. Kail, John C. CavanaughaHuman development:ba life-span view/ a8th ed. aSingapore:bCENGAGEc2019 axli, 680 pagesc25 cm. aDevelopmental psychology c364382d364382 001040aCLbCLcRESd2020-09-22eLibrary fundl0oBF 713 .K13 2019pC22537r2020-09-22 00:00:00w2020-09-22yBK